Normal view
MARC view
- Oxus
Entry Topical Term
001 - CONTROL NUMBER
- control field: 107749
003 - CONTROL NUMBER IDENTIFIER
- control field: NUST
005 - DATE AND TIME OF LATEST TRANSACTION
- control field: 20230126121123.0
008 - FIXED-LENGTH DATA ELEMENTS
- fixed length control field: 230126|| aca||aabn | a|a d
040 ## - CATALOGING SOURCE
- Original cataloging agency: NUST
- Transcribing agency: NUST
150 ## - HEADING--TOPICAL TERM
- Topical term or geographic name entry element: Oxus
670 ## - SOURCE DATA FOUND
- Source citation: Work cat.: (NUST)186167: Toynbee, Arnold J 6611, Between Oxus and Jumna /, 1961
